[Event "Berlin Lieb Memorial 4th"]
[Site "Berlin"]
[Date "2018.05.17"]
[Round "1"]
[White "Steiger, Michael"]
[Black "Sommer, Horst"]
[Result "1-0"]
[WhiteElo "1993"]
[BlackElo "1562"]
[PlyCount "75"]
[EventDate "2018.05.17"]
[EventType "swiss"]
[EventRounds "7"]
[EventCountry "GER"]
[SourceTitle "CBM 189 Extra"]
[Source "ChessBase"]
[SourceDate "2019.06.03"]
[SourceVersion "1"]
[SourceVersionDate "2019.06.03"]
[SourceQuality "1"]

1. c4 g6 2. g3 e6 3. Bg2 Bg7 4. Nf3 Ne7 5. 0-0 0-0 6. d4 c6 7. Qc2 d5 8. Rd1 Nd7 9. Nbd2 Nf5 10. e3 h5 11. b3 g5 12. Ba3 c5 13. cxd5 g4 14. dxe6 fxe6 15. Ne5 Nxe5 16. dxe5 Bxe5 17. Nc4 Qf6 18. Nxe5 Qxe5 19. Bxc5 Rf7 20. Rd8+ Kg7 21. Rad1 h4 22. Ba3 Qf6 23. Bb2 e5 24. Rxc8 Rxc8 25. Qxc8 hxg3 26. hxg3 Nxe3 27. fxe3 Qf2+ 28. Kh1 Qxb2 29. Qxg4+ Kf8 30. Rd8+ Ke7 31. Rd7+ Kf8 32. Rxf7+ Kxf7 33. Bd5+ Kf6 34. Qf3+ Kg5 35. a4 Qc1+ 36. Kg2 Qd2+ 37. Kh3 Kh6 38. Qf6+ 1-0

[Event "Berlin Lieb Memorial 1st"]
[Site "Berlin"]
[Date "2015.07.02"]
[Round "7"]
[White "Sommer, Horst"]
[Black "Meinicke, Kurt"]
[Result "1/2-1/2"]
[WhiteElo "1600"]
[BlackElo "1534"]
[PlyCount "58"]
[EventDate "2015.05.21"]
[EventType "swiss"]
[EventRounds "7"]
[EventCountry "GER"]
[SourceTitle "EXT 2022"]
[Source "ChessBase"]
[SourceDate "2021.10.06"]
[SourceVersion "1"]
[SourceVersionDate "2021.10.06"]
[SourceQuality "1"]

1. e4 e5 2. f4 exf4 3. Nf3 d5 4. exd5 Bd6 5. Nc3 Nf6 6. d4 0-0 7. Be2 c6 8. dxc6 Nxc6 9. 0-0 Re8 10. Nb5 Bg4 11. c3 Bb8 12. Bd3 a6 13. Na3 b5 14. Qc2 h6 15. Bd2 Qb6 16. Rae1 Bd6 17. Kh1 Bxf3 18. Rxf3 Rxe1+ 19. Bxe1 Re8 20. Qd2 Qc7 21. Nc2 Qd7 22. h3 g5 23. Kg1 g4 24. hxg4 Qxg4 25. Be2 Qe6 26. Bd3 Nh5 27. Rh3 Qg4 28. Rh4 Qg5 29. Qd1 Nf6 1/2-1/2

[Event "Berlin Lieb Memorial 1st"]
[Site "Berlin"]
[Date "2015.06.25"]
[Round "6"]
[White "Prix, Siegfried"]
[Black "Sommer, Horst"]
[Result "1-0"]
[WhiteElo "1728"]
[BlackElo "1600"]
[PlyCount "43"]
[EventDate "2015.05.21"]
[EventType "swiss"]
[EventRounds "7"]
[EventCountry "GER"]
[SourceTitle "EXT 2022"]
[Source "ChessBase"]
[SourceDate "2021.10.06"]
[SourceVersion "1"]
[SourceVersionDate "2021.10.06"]
[SourceQuality "1"]

1. e4 c6 2. d4 d5 3. exd5 cxd5 4. Bd3 Nc6 5. c3 Nf6 6. Nf3 Bg4 7. 0-0 e5 8. dxe5 Bxf3 9. Qxf3 Nxe5 10. Qe2 Bd6 11. f4 Bc5+ 12. Kh1 Kd7 13. Bf5+ Kc6 14. fxe5 Re8 15. b4 Bd6 16. b5+ Kc7 17. exd6+ Qxd6 18. Qd3 Qe7 19. Bf4+ Kd8 20. Nd2 g6 21. Bh3 Nh5 22. Qxd5+ 1-0

[Event "Berlin Lieb Memorial 1st"]
[Site "Berlin"]
[Date "2015.06.18"]
[Round "5"]
[White "Sommer, Horst"]
[Black "Kievelitz, Bernd"]
[Result "0-1"]
[WhiteElo "1600"]
[BlackElo "1979"]
[PlyCount "102"]
[EventDate "2015.05.21"]
[EventType "swiss"]
[EventRounds "7"]
[EventCountry "GER"]
[SourceTitle "EXT 2022"]
[Source "ChessBase"]
[SourceDate "2021.10.06"]
[SourceVersion "1"]
[SourceVersionDate "2021.10.06"]
[SourceQuality "1"]

1. e4 c5 2. Bc4 e6 3. Nc3 a6 4. a3 b5 5. Ba2 Bb7 6. d3 Nf6 7. Nf3 d6 8. 0-0 h6 9. b4 cxb4 10. axb4 Nc6 11. Rb1 Qc7 12. Qe1 Be7 13. e5 dxe5 14. Ne4 Nxe4 15. dxe4 0-0 16. c3 a5 17. bxa5 Nxa5 18. Rxb5 Ba6 19. Qe2 Bxb5 20. Qxb5 Nc6 21. Qe2 Rfb8 22. g4 Qa5 23. Bc4 Qxc3 24. Bd2 Qb2 25. Qe3 Ra3 26. Bd3 Rbb3 27. Bc1 Rxd3 28. Bxb2 Rxe3 29. fxe3 Rxe3 30. Bxe5 Rxe4 31. Bg3 Rxg4 32. Rc1 Nd4 33. Rc8+ Kh7 34. Ne5 Re4 35. Nxf7 Ne2+ 36. Kg2 Nxg3 37. Kxg3 Kg6 38. Nh8+ Kf6 39. h4 h5 40. Rc3 Bd6+ 41. Kh3 Rb4 42. Rd3 Bf4 43. Rd7 Rb3+ 44. Kg2 Rg3+ 45. Kf2 e5 46. Rf7+ Ke6 47. Rb7 Rg4 48. Rb6+ Kf5 49. Kf3 Rxh4 50. Ng6 Rh3+ 51. Kg2 Rg3+ 0-1

[Event "Zehlendorf op 14th"]
[Site "Berlin"]
[Date "2014.06.12"]
[Round "5"]
[White "Sommer, Horst"]
[Black "Gnass, Erhard"]
[Result "0-1"]
[WhiteElo "1643"]
[BlackElo "1551"]
[PlyCount "68"]
[EventDate "2014.05.08"]
[EventType "swiss"]
[EventRounds "7"]
[EventCountry "GER"]
[SourceTitle "EXT 2023"]
[Source "ChessBase"]
[SourceDate "2022.10.05"]
[SourceVersion "1"]
[SourceVersionDate "2022.10.05"]
[SourceQuality "1"]

1. e4 e5 2. f4 d5 3. exd5 e4 4. d3 Nf6 5. Qe2 Bg4 6. Nf3 Qxd5 7. Nbd2 Bf5 8. c4 Qxd3 9. Qf2 e3 10. Qh4 exd2+ 11. Bxd2 Qe4+ 12. Be2 Be7 13. Qf2 0-0 14. h3 Nc6 15. Bc3 Bb4 16. Nd2 Qe6 17. 0-0 Bxc3 18. bxc3 Ne4 19. Nxe4 Bxe4 20. Rae1 Qf6 21. Qe3 Bc2 22. g4 a6 23. Qd2 Ba4 24. g5 Qd6 25. Bd3 Rfd8 26. Rf3 b5 27. Qf2 bxc4 28. Bxc4 Na5 29. Bd3 Bb5 30. Rd1 Qb6 31. Re3 Bxd3 32. Kh2 Bf5 33. Rde1 Nc4 34. Re7 Qxf2+ 0-1

[Event "Zehlendorf op 14th"]
[Site "Berlin"]
[Date "2014.05.08"]
[Round "1"]
[White "Sommer, Horst"]
[Black "Kievelitz, Bernd"]
[Result "0-1"]
[WhiteElo "1643"]
[BlackElo "2029"]
[PlyCount "74"]
[EventDate "2014.05.08"]
[EventType "swiss"]
[EventRounds "7"]
[EventCountry "GER"]
[SourceTitle "EXT 2023"]
[Source "ChessBase"]
[SourceDate "2022.10.05"]
[SourceVersion "1"]
[SourceVersionDate "2022.10.05"]
[SourceQuality "1"]

1. e4 c5 2. Nf3 e6 3. c3 Nf6 4. e5 Nd5 5. Bc4 Nb6 6. Qb3 Nc6 7. Bb5 Qc7 8. Bxc6 Qxc6 9. 0-0 c4 10. Qd1 d5 11. d4 Be7 12. Bg5 f6 13. exf6 gxf6 14. Bf4 Bd7 15. Nh4 0-0-0 16. Bg3 Bd6 17. f4 Rde8 18. Nf3 Qc7 19. Qd2 Re7 20. b3 Kb8 21. b4 Na4 22. Qe3 b5 23. a3 Be8 24. Ra2 Bg6 25. Ne1 Be4 26. Nd2 f5 27. Nxe4 dxe4 28. Bh4 Rf7 29. Rd2 Nb6 30. Bg3 Nd5 31. Qe2 Nxc3 32. Qh5 Nd5 33. Qh6 Rf6 34. Qh5 Rg6 35. Nc2 Bxf4 36. Bxf4 Nxf4 37. Rdf2 Nxh5 0-1

[Event "Leutersdorf Sparkasse op 11th"]
[Site "Leutersdorf"]
[Date "2007.02.17"]
[Round "4"]
[White "Graf, Dominik"]
[Black "Sommer, Horst"]
[Result "0-1"]
[WhiteElo "1428"]
[BlackElo "1546"]
[PlyCount "56"]
[EventDate "2007.02.16"]
[EventType "swiss"]
[EventRounds "7"]
[EventCountry "GER"]
[SourceTitle "CBM 117 Extra"]
[Source "ChessBase"]
[SourceDate "2007.05.09"]
[SourceVersion "1"]
[SourceVersionDate "2007.05.09"]
[SourceQuality "1"]

1. e4 c5 2. c3 Nc6 3. Nf3 Nf6 4. e5 Ng4 5. d4 cxd4 6. cxd4 g6 7. Be2 d6 8. exd6 Qxd6 9. Be3 Bg7 10. Nc3 a6 11. 0-0 0-0 12. Qd2 b5 13. a3 Bb7 14. h3 Nxe3 15. fxe3 Rad8 16. Rac1 Bh6 17. Rc2 Qg3 18. Ne4 Qb8 19. Nc5 Bc8 20. Nxa6 Qd6 21. Bxb5 Bxa6 22. Rxc6 Qd5 23. Rxa6 Qxb5 24. Qa5 Bxe3+ 25. Rf2 Qe2 26. Qe1 Bxf2+ 27. Qxf2 Qxa6 28. Qe3 e6 0-1

[Event "Leutersdorf Muench Braeu op 08th"]
[Site "Leutersdorf"]
[Date "2003.02.13"]
[Round "5"]
[White "Beyer, Till"]
[Black "Sommer, Horst"]
[Result "1-0"]
[WhiteElo "1888"]
[BlackElo "1635"]
[PlyCount "57"]
[EventDate "2003.02.12"]
[EventType "swiss"]
[EventRounds "9"]
[EventCountry "GER"]
[SourceTitle "CBM 092 Extra"]
[Source "ChessBase"]
[SourceDate "2003.03.07"]
[SourceVersion "1"]
[SourceVersionDate "2003.03.07"]
[SourceQuality "1"]

1. c4 f5 2. Nc3 Nf6 3. d4 e6 4. Nf3 b6 5. e3 Bb7 6. Bd3 Be7 7. Qc2 a6 8. b3 d5 9. Bb2 0-0 10. h3 Qe8 11. Ng5 Qg6 12. Nxe6 Qxg2 13. 0-0-0 Nh5 14. Bxf5 Rf6 15. Rhg1 Qf3 16. Bg4 Qxf2 17. Qxf2 Rxf2 18. Bxh5 Bf6 19. Nxc7 Ra7 20. N7xd5 Bxd5 21. Nxd5 Bd8 22. Rdf1 Rxf1+ 23. Rxf1 g6 24. Bg4 b5 25. c5 Bg5 26. Kd2 Nc6 27. Nf6+ Bxf6 28. Rxf6 Ne7 29. d5 1-0